00710nas a22001937a 4500008004100000245002700041260007500068300000900143440008800152546001400240590004000254650004500294650001900339650005700358650002300415856005100438942001200489999001500501130520t????9999ag ||||| |||| 00| 0 spa d aMonografias Esenciales aBuenos Aires,bSociedad Iberoamericana de Informacion Cientifica:cs/f av. : aNueva propuesta terapeutica en la Incontinencia de Orina y Vejiga Hiperactiva92339 aespañol aExistencias: 1 ejemplar (sin fecha) aINCONTINENCIA URINARIA-TRATAMIENTO92340 aUROLOGIA92015 aENFERMEDADES DE LA VEJIGA URINARIA-TRATAMIENTO92341 aDARIFENACINA92146 uhttp://www.siicsalud.com/lmr/siicdatabases.php 2ddccCR c1444d1444